| 000 | 00928cam a2200265 a 4500 | ||
|---|---|---|---|
| 999 |
_c19873 _d19873 |
||
| 001 | 1422066 | ||
| 003 | OSt | ||
| 005 | 20200606100033.0 | ||
| 008 | 831103s1983 ii 000 0aeng | ||
| 010 | _a 83904704 | ||
| 020 |
_a0861313984 : _cRs110.00 |
||
| 040 |
_aDLC _coclc _dDLC |
||
| 043 | _aa-ii--- | ||
| 050 | 0 | 0 |
_aDS480.84 _b.J45 1983 |
| 082 | 0 | 0 |
_a327.54 _219 _bJHA/F |
| 100 |
_aJha, C S _q(Chandra Shekhar), _d1909- _92569 |
||
| 245 | 1 | 0 |
_aFrom Bandung to Tashkent : _bglimpses of India's foreign policy / _cC.S. Jha. |
| 260 |
_aMadras : _bSangam Books ; _aHyderabad, A.P., India : _bDistributed by Orient Longman, _c1983. |
||
| 300 |
_a361 p. ; _c23 cm. |
||
| 600 | 1 | 0 |
_aJha, C. S. _q(Chandra Shekhar), _d1909- |
| 610 | 2 | 0 |
_aUnited Nations _zIndia. |
| 651 | 0 |
_aIndia _xForeign relations. |
|
| 906 |
_a7 _bcbc _corignew _d3 _encip _f19 _gy-gencatlg |
||
| 942 |
_2ddc _cBK _h327.54 _iJHA/F _k327.54 _mJHA/F |
||